Teoría de funciones de variable compleja /
Guardado en:
| Autor Principal: | |
|---|---|
| Formato: | Libro |
| Idioma: | Spanish English |
| Publicado: |
New York :
MacGraw-Hill,
1966.
|
| Edición: | 2.ª ed. |
| Etiquetas: |
Agregar Etiqueta
Sin Etiquetas, Sea el primero en etiquetar este registro!
|
| LEADER | 00815nam a22001935a 4500 | ||
|---|---|---|---|
| 001 | MAT.inmabb006640 | ||
| 008 | 120813s1966####nyua#####b####000#0#spa#d | ||
| 005 | 20160323155926.0 | ||
| 245 | 1 | 0 | |a Teoría de funciones de variable compleja / |c Ruel V. Churchill ; traducido por Manfredo Monforte Soler ; rev. técnica por Jaime Moneva Moneva. |
| 250 | |a 2.ª ed. | ||
| 260 | |a New York : |b MacGraw-Hill, |c 1966. | ||
| 300 | |a ix, 292 p. : |b il. ; |c 23 cm. | ||
| 500 | |a Traducción de la 2.ª ed. en inglés, McGraw-Hill, 1960. | ||
| 504 | |a Incluye referencias bibliográficas (p. 277-278) e índice. | ||
| 100 | 1 | |a Churchill, Ruel V. |q (Ruel Vance), |d 1899-1987. | |
| 240 | 1 | 0 | |a Introduction to complex variables and applications. |l Español |
| 084 | |a 30-01 |2 msc2000 | ||
| 041 | 1 | |a spa |h eng | |
| 859 | |h 30 |i C563c-2e |p A-2997 |b BIB. MATEMATICA | ||
